[Event "Quebec op U2000"]
[Site "Longueuil CAN"]
[Date "2019.07.21"]
[Round "2.1"]
[White "Gueorguiev, Valentin"]
[Black "Moran-Venegas, Mario"]
[Result "1-0"]
[WhiteElo "1945"]
[BlackElo "1631"]
[PlyCount "79"]
[EventDate "2019.07.20"]
[EventType "swiss"]
[EventRounds "9"]
[EventCountry "CAN"]

1. g3 Nf6 2. Bg2 g6 3. e4 Nc6 4. d4 d6 5. Nc3 Bg7 6. Nf3 O-O 7. O-O e5 8. d5
Ne7 9. h3 c5 10. a4 Bd7 11. Be3 Ne8 12. Qd2 f5 13. Ng5 Nc7 14. Nb5 Nxb5 15.
axb5 h6 16. Ne6 Bxe6 17. dxe6 Kh7 18. Rad1 Nc8 19. Bxc5 f4 20. Bxd6 Nxd6 21.
Qxd6 fxg3 22. fxg3 Rxf1+ 23. Bxf1 Qg5 24. Kh2 h5 25. h4 Qf6 26. Qd7 g5 27. Qf7
Qxf7 28. exf7 gxh4 29. gxh4 Bf6 30. Rd7 Kg7 31. Kh3 b6 32. Bc4 Rd8 33. Rxa7 Rd4
34. Bd5 Rd2 35. f8=Q+ Kxf8 36. Rf7+ Ke8 37. Rxf6 Rxc2 38. Rxb6 Rxb2 39. Rh6
Rxb5 40. Bc6+ 1-0

[Event "Quebec op U2000"]
[Site "Longueuil CAN"]
[Date "2019.07.21"]
[Round "2.2"]
[White "Robillard, Jean-Philippe"]
[Black "Wu, Tony (Dongze)"]
[Result "0-1"]
[WhiteElo "1617"]
[BlackElo "1858"]
[PlyCount "62"]
[EventDate "2019.07.20"]
[EventType "swiss"]
[EventRounds "9"]
[EventCountry "CAN"]

1. d4 Nf6 2. c4 e6 3. Nf3 b6 4. Nc3 Bb4 5. Qc2 Bb7 6. Bg5 h6 7. Bxf6 Qxf6 8.
O-O-O Bxc3 9. Qxc3 d6 10. h4 Nd7 11. Rh3 c5 12. e3 O-O-O 13. b4 Kb8 14. b5 Rc8
15. Kb2 d5 16. Ne5 Nxe5 17. dxe5 Qxf2+ 18. Ka3 dxc4 19. Bxc4 Qxg2 20. e4 Rhd8
21. Rhd3 Rxd3 22. Rxd3 Qxe4 23. Rd7 Bd5 24. Kb3 Qxc4+ 25. Qxc4 Bxc4+ 26. Kxc4
Rc7 27. Rd8+ Kb7 28. h5 g6 29. Rh8 gxh5 30. Rxh6 Kc8 31. Rxh5 Kd8 0-1

[Event "Quebec op U2000"]
[Site "Longueuil CAN"]
[Date "2019.07.21"]
[Round "2.3"]
[White "Selling, Edward"]
[Black "Zhang, Chu Hang"]
[Result "0-1"]
[WhiteElo "1604"]
[BlackElo "1806"]
[PlyCount "69"]
[EventDate "2019.07.20"]
[EventType "swiss"]
[EventRounds "9"]
[EventCountry "CAN"]

1. d4 Nf6 2. c4 e6 3. Nf3 b6 4. Nc3 Bb7 5. g3 c5 6. d5 d6 7. e4 Be7 8. Bg2 O-O
9. O-O e5 10. a3 Na6 11. Bh3 Bc8 12. Bxc8 Qxc8 13. Nh4 Qh3 14. f3 g6 15. Qe2
Nh5 16. Qg2 Qd7 17. f4 exf4 18. Bxf4 g5 19. Nf5 gxf4 20. gxf4+ Kh8 21. Nh6 Bf6
22. Kh1 Ng7 23. e5 dxe5 24. Ne4 Bd8 25. fxe5 Nc7 26. Rg1 f5 27. e6 Ncxe6 28.
dxe6 Qd4 29. Rad1 Qxe4 30. Qxe4 fxe4 31. Rd7 Nxe6 32. Nf7+ Rxf7 33. Rxf7 e3 34.
Rg3 Bg5 35. h4 0-1

[Event "Quebec op U2000"]
[Site "Longueuil CAN"]
[Date "2019.07.21"]
[Round "2.4"]
[White "Gauthier, Denis"]
[Black "Gao, Shiqi"]
[Result "1-0"]
[WhiteElo "1792"]
[BlackElo "1754"]
[PlyCount "63"]
[EventDate "2019.07.20"]
[EventType "swiss"]
[EventRounds "9"]
[EventCountry "CAN"]

1. d4 d5 2. c4 e6 3. Nc3 Nf6 4. cxd5 exd5 5. Bg5 Be7 6. e3 O-O 7. Bd3 Nbd7 8.
Nge2 b6 9. O-O Bb7 10. Rc1 Ne4 11. Bxe7 Qxe7 12. Qc2 Ndf6 13. Rce1 c5 14. f3
Nd6 15. Qd2 c4 16. Bb1 b5 17. Ng3 b4 18. Na4 a5 19. Nc5 Ba6 20. Nxa6 Rxa6 21.
e4 dxe4 22. fxe4 Nb5 23. Nf5 Qc7 24. Qg5 Ne8 25. Ne7+ Kh8 26. Qxb5 Rh6 27. Qe5
Qxe5 28. dxe5 Re6 29. Nd5 Rxe5 30. Rf5 f6 31. Rxe5 fxe5 32. Rf1 1-0

[Event "Quebec op U2000"]
[Site "Longueuil CAN"]
[Date "2019.07.21"]
[Round "2.5"]
[White "Mangahas, Ronald"]
[Black "Hernandez, Juan Felipe"]
[Result "1-0"]
[WhiteElo "1670"]
[BlackElo "1454"]
[PlyCount "113"]
[EventDate "2019.07.20"]
[EventType "swiss"]
[EventRounds "9"]
[EventCountry "CAN"]

1. e4 e6 2. d4 d5 3. Nc3 Bb4 4. exd5 exd5 5. Nf3 Nf6 6. Bd3 O-O 7. O-O Bg4 8.
h3 Bh5 9. Be2 c5 10. Bg5 cxd4 11. Qxd4 Nc6 12. Qh4 Bxc3 13. bxc3 Bg6 14. Rfd1
Qd6 15. Bxf6 Qxf6 16. Qxf6 gxf6 17. Rxd5 Rad8 18. Rb5 b6 19. Rc1 Rfe8 20. Kf1
Be4 21. Rh5 Bxf3 22. Bxf3 Re5 23. Rh4 Ne7 24. Re1 Rc8 25. Rd4 Rxc3 26. Rxe5
fxe5 27. Rd7 Kf8 28. Rxa7 Rxc2 29. Be4 Rc1+ 30. Ke2 f5 31. Bd3 e4 32. Bb5 Kf7
33. Rb7 Rc5 34. Rxb6 Nd5 35. Rb7+ Kf6 36. a4 Nc3+ 37. Kd2 Nxb5 38. axb5 h6 39.
b6 Rb5 40. Ke3 Rb4 41. Kf4 Rb2 42. Ke3 Rb4 43. Rb8 Kg7 44. b7 Rb3+ 45. Kf4 Rb5
46. h4 Rb2 47. Ke5 Rb5+ 48. Ke6 f4 49. Kd6 e3 50. fxe3 fxe3 51. Kc6 Rb2 52. Ra8
e2 53. Ra1 Rc2+ 54. Kb6 Rd2 55. b8=Q Rb2+ 56. Kc7 Rc2+ 57. Kd7 1-0

[Event "Quebec op U2000"]
[Site "Longueuil CAN"]
[Date "2019.07.21"]
[Round "2.6"]
[White "Sarra-Bournet, Marc"]
[Black "Baran, Marius"]
[Result "1/2-1/2"]
[WhiteElo "1804"]
[BlackElo "1648"]
[PlyCount "133"]
[EventDate "2019.07.20"]
[EventType "swiss"]
[EventRounds "9"]
[EventCountry "CAN"]

1. e4 d5 2. exd5 Nf6 3. d4 Nxd5 4. Nf3 Bg4 5. Be2 e6 6. O-O Be7 7. c4 Nb6 8.
Be3 Nc6 9. d5 exd5 10. Bxb6 axb6 11. cxd5 Nb4 12. Nc3 O-O 13. a3 Na6 14. Qd4
Bxf3 15. Bxf3 Nc5 16. Rad1 Bf6 17. Qc4 Bxc3 18. Qxc3 Qd6 19. Rd4 Rfe8 20. Rg4
Qe5 21. Qc2 f5 22. Rg5 g6 23. g4 Qf4 24. Qxf5 Qxf5 25. gxf5 Re5 26. Rd1 Rf8 27.
b4 Nd7 28. d6 c6 29. Bg4 Kg7 30. f4 Rd5 31. Rxd5 cxd5 32. fxg6 Nf6 33. Be6 h6
34. Rg2 Rd8 35. f5 Rxd6 36. Bc8 d4 37. Bxb7 Nd7 38. Rd2 Ne5 39. Kf2 Nc4 40. Ra2
b5 41. Bf3 Kf6 42. Bg4 Ne3 43. Bh3 Nxf5 44. Bxf5 Kxf5 45. g7 Rg6 46. Rc2 Rxg7
47. Rc5+ Ke4 48. Rxb5 Kd3 49. Rh5 Rg6 50. Rh3+ Kd2 51. Kf3 d3 52. Ke4 Rd6 53.
Ke5 Rd8 54. Rxh6 Kc1 55. Rg6 d2 56. Rg1+ d1=Q 57. Rxd1+ Kxd1 58. a4 Kc2 59. b5
Kb3 60. b6 Kxa4 61. h4 Rh8 62. b7 Kb5 63. Kf6 Kc6 64. h5 Kxb7 65. Kg6 Rg8+ 66.
Kh7 Rg5 67. h6 1/2-1/2

[Event "Quebec op U2000"]
[Site "Longueuil CAN"]
[Date "2019.07.21"]
[Round "2.7"]
[White "De Lagrave, Sylvain"]
[Black "Liu, Kevin"]
[Result "1/2-1/2"]
[WhiteElo "1860"]
[BlackElo "1658"]
[PlyCount "83"]
[EventDate "2019.07.20"]
[EventType "swiss"]
[EventRounds "9"]
[EventCountry "CAN"]

1. e4 c5 2. Nf3 Nc6 3. Bb5 g6 4. Bxc6 bxc6 5. d3 Bg7 6. O-O e5 7. Nbd2 Ne7 8.
Nc4 d5 9. Ncd2 O-O 10. a3 a5 11. a4 f5 12. Re1 Qc7 13. Nb3 fxe4 14. dxe4 c4 15.
Nbd2 Bg4 16. h3 Bxf3 17. Nxf3 Rad8 18. Qe2 h6 19. exd5 cxd5 20. Nxe5 Rde8 21.
Nf3 Nf5 22. Qxe8 Rxe8 23. Rxe8+ Kf7 24. Re1 Qb6 25. Ne5+ Kg8 26. Ra3 Qb4 27.
Kf1 Qb8 28. f4 g5 29. g4 Nd4 30. Rg3 gxf4 31. Bxf4 Qf8 32. Ng6 Qf7 33. Ne7+ Kh7
34. Nf5 Nxf5 35. gxf5 Qxf5 36. Rf3 Qxc2 37. Rf2 Qd3+ 38. Kg2 d4 39. Re7 Qg6+
40. Kf1 Qb1+ 41. Kg2 Qg6+ 42. Kf1 1/2-1/2

[Event "Quebec op U2000"]
[Site "Longueuil CAN"]
[Date "2019.07.21"]
[Round "2.8"]
[White "Marchand, Jacques"]
[Black "Cloutier, Eric"]
[Result "1/2-1/2"]
[WhiteElo "1830"]
[BlackElo "1483"]
[PlyCount "118"]
[EventDate "2019.07.20"]
[EventType "swiss"]
[EventRounds "9"]
[EventCountry "CAN"]

1. e4 c6 2. c4 d5 3. cxd5 cxd5 4. exd5 Nf6 5. Bb5+ Nbd7 6. Nc3 g6 7. Nge2 Bg7
8. O-O O-O 9. d3 a6 10. Bc4 b5 11. Bb3 Nc5 12. Be3 Nxb3 13. Qxb3 Bb7 14. d4
Nxd5 15. a4 b4 16. Nxd5 Qxd5 17. Qxd5 Bxd5 18. Nf4 Be4 19. f3 Bc2 20. Rf2 Bb3
21. Nd3 Rfd8 22. Nc5 Bd5 23. f4 Bc6 24. Rd2 a5 25. Rc1 e6 26. Nxe6 Rdc8 27.
Rdc2 Bd7 28. Rxc8+ Rxc8 29. Rxc8+ Bxc8 30. Nc5 Bf6 31. b3 Kf8 32. Kf2 Bd8 33.
Ke2 Ke7 34. Kd3 Kd6 35. Kc4 f5 36. d5 Bf6 37. Bd4 Bd8 38. Be5+ Ke7 39. d6+ Ke8
40. Kd5 Bb6 41. Kc6 Bxc5 42. Kxc5 Be6 43. Kb5 Bxb3 44. Kxa5 Bd5 45. Kxb4 Bxg2
46. Kc5 Kd7 47. Kb6 Bc6 48. a5 h6 49. h4 Bd5 50. Ka7 Kc8 51. a6 Be4 52. d7+
Kxd7 53. Kb8 Ke6 54. Bc7 Kd7 55. a7 Bd5 56. Be5 Ke6 57. Bd4 g5 58. hxg5 hxg5
59. fxg5 f4 1/2-1/2

[Event "Quebec op U2000"]
[Site "Longueuil CAN"]
[Date "2019.07.21"]
[Round "2.9"]
[White "Strasser, Rouben"]
[Black "Van Dusen, Eric"]
[Result "1-0"]
[WhiteElo "1806"]
[BlackElo "1822"]
[PlyCount "42"]
[EventDate "2019.07.20"]
[EventType "swiss"]
[EventRounds "9"]
[EventCountry "CAN"]

1. e4 e6 2. d4 d5 3. exd5 exd5 4. Nf3 Nc6 5. Bb5 Bd6 6. O-O Nge7 7. c4 dxc4 8.
Bxc4 O-O 9. Be3 Bg4 10. Be2 Nf5 11. d5 Ne5 12. Nc3 Bxf3 13. Bxf3 Nxf3+ 14. Qxf3
Nxe3 15. fxe3 Qh4 16. g3 Qh6 17. Rae1 Rae8 18. e4 Re5 19. Re2 Bc5+ 20. Kh1 Rh5
21. Qf4 Qg6 {...} 1-0

[Event "Quebec op U2000"]
[Site "Longueuil CAN"]
[Date "2019.07.21"]
[Round "2.10"]
[White "Jiang, Barron Jiyu"]
[Black "Goldner, John"]
[Result "0-1"]
[WhiteElo "1588"]
[BlackElo "1731"]
[PlyCount "104"]
[EventDate "2019.07.20"]
[EventType "swiss"]
[EventRounds "9"]
[EventCountry "CAN"]

1. e4 e5 2. Nf3 Nc6 3. d4 exd4 4. Nxd4 Nf6 5. Nc3 Bb4 6. Nxc6 bxc6 7. Bd3 O-O
8. O-O d5 9. exd5 cxd5 10. Bg5 c6 11. Qf3 Be7 12. h3 Rb8 13. b3 Be6 14. Ne2 h6
15. Bf4 Bd6 16. Bxd6 Qxd6 17. Rac1 c5 18. Rfd1 Rb4 19. c3 Rh4 20. Qg3 Qxg3 21.
fxg3 Rh5 22. b4 c4 23. Bc2 Re5 24. Nd4 Bd7 25. Re1 Rfe8 26. Nf3 Rxe1+ 27. Rxe1
Rxe1+ 28. Nxe1 Kf8 29. Kf2 Ke7 30. Ke3 Kd6 31. Kd4 Nh5 32. g4 Nf4 33. Bf5 Bxf5
34. gxf5 Ne2+ 35. Ke3 Nxc3 36. a3 f6 37. g4 a6 38. Nc2 Ke5 39. Nd4 Nd1+ 40. Kd2
Kxd4 41. Kxd1 c3 42. Kc2 Kc4 43. h4 d4 44. h5 d3+ 45. Kc1 Kb3 46. g5 d2+ 47.
Kd1 Kb2 48. gxh6 c2+ 49. Ke2 d1=Q+ 50. Ke3 c1=Q+ 51. Ke4 Qe2+ 52. Kd5 Qe5# 0-1

[Event "Quebec op U2000"]
[Site "Longueuil CAN"]
[Date "2019.07.21"]
[Round "2.11"]
[White "Lambert, Pierre"]
[Black "Laroche, Hugo"]
[Result "1-0"]
[WhiteElo "1728"]
[BlackElo "1665"]
[PlyCount "123"]
[EventDate "2019.07.20"]
[EventType "swiss"]
[EventRounds "9"]
[EventCountry "CAN"]

1. e4 e5 2. Nf3 Nc6 3. d4 exd4 4. Nxd4 Bc5 5. Be3 Bb6 6. c3 d6 7. Nd2 Nf6 8.
Nxc6 bxc6 9. Bxb6 axb6 10. Bd3 O-O 11. O-O Bd7 12. Qc2 Re8 13. Rfe1 h6 14. a3
c5 15. Rad1 b5 16. Qb1 Qb8 17. Nf3 Bg4 18. Re3 b4 19. cxb4 cxb4 20. Bc2 bxa3
21. bxa3 Qxb1 22. Rxb1 Bxf3 23. gxf3 Ra7 24. Reb3 Rea8 25. Rb8+ Ne8 26. Rxa8
Rxa8 27. a4 Kf8 28. Ra1 Ra5 29. Bd3 c5 30. Bc4 Nc7 31. Kf1 Ke7 32. Ke2 f6 33.
Ke3 Ne6 34. Be2 Nd4 35. Bd1 g5 36. Rb1 Ra7 37. Rb8 h5 38. Rh8 Ke6 39. Rxh5 Nc6
40. Bb3+ Kd7 41. Rh7+ Kd8 42. Rxa7 Nxa7 43. Bd5 Ke7 44. h3 Kf8 45. f4 Kg7 46.
fxg5 fxg5 47. f4 gxf4+ 48. Kxf4 Kf6 49. h4 Kg6 50. Kg4 Kh6 51. h5 Kh7 52. Kg5
Kg7 53. h6+ Kh7 54. Kf6 Kxh6 55. Ke6 Nc8 56. a5 Kg7 57. Kd7 Na7 58. Kxd6 Kf8
59. Kxc5 Ke7 60. Kb6 Nc8+ 61. Kc7 Na7 62. Bc6 1-0

[Event "Quebec op U2000"]
[Site "Longueuil CAN"]
[Date "2019.07.21"]
[Round "2.12"]
[White "Lin, Leo"]
[Black "Morin-Pare, Victor"]
[Result "1-0"]
[WhiteElo "1660"]
[BlackElo "1904"]
[PlyCount "93"]
[EventDate "2019.07.20"]
[EventType "swiss"]
[EventRounds "9"]
[EventCountry "CAN"]

1. Nf3 Nf6 2. c4 e6 3. d4 b6 4. Nc3 Ba6 5. e4 d6 6. Be2 Be7 7. O-O O-O 8. Bf4
Nbd7 9. Qc2 Rc8 10. Rad1 Ne8 11. e5 f6 12. exd6 cxd6 13. Qe4 e5 14. dxe5 fxe5
15. Bxe5 Rxf3 16. Qxf3 Nxe5 17. Qd5+ Kh8 18. b3 Nf6 19. Qd4 Qe8 20. Ne4 Nxe4
21. Qxe4 Qf7 22. f4 Nd7 23. Bg4 Nf6 24. Qe6 Qf8 25. Bf5 Re8 26. Qe3 d5 27. Qc3
Bc5+ 28. Kh1 Re3 29. Rd3 d4 30. Qc2 Nd5 31. cxd5 Qxf5 32. Rxe3 Qf7 33. Ree1
Bxf1 34. Rxf1 Qxd5 35. Re1 Kg8 36. Qc4 Qxc4 37. bxc4 Kf7 38. g3 h6 39. Kg2 a5
40. Kf3 Kf6 41. Ke4 h5 42. h3 d3 43. Kxd3 Bf2 44. Rb1 Bxg3 45. Rxb6+ Kf5 46.
Rb5+ Kxf4 47. Rxh5 1-0

[Event "Quebec op U2000"]
[Site "Longueuil CAN"]
[Date "2019.07.21"]
[Round "2.13"]
[White "Tsukerman, Julia"]
[Black "Chevalier, Francois"]
[Result "1-0"]
[WhiteElo "1481"]
[BlackElo "1768"]
[PlyCount "66"]
[EventDate "2019.07.20"]
[EventType "swiss"]
[EventRounds "9"]
[EventCountry "CAN"]

1. e4 c6 2. d4 d5 3. exd5 cxd5 4. Bd3 Nc6 5. c3 Nf6 6. h3 e5 7. dxe5 Nxe5 8.
Nf3 Nxd3+ 9. Qxd3 Be7 10. O-O O-O 11. Bf4 Be6 12. Nd4 Qd7 13. Nd2 Nh5 14. Bh2
g6 15. N2f3 Bd6 16. Ne5 Bxe5 17. Bxe5 Ng7 18. Nxe6 fxe6 19. c4 Rad8 20. Rad1
Qe7 21. cxd5 Rxd5 22. Qc3 Rfd8 23. Rxd5 Rxd5 24. Re1 Nf5 25. Bf4 a6 26. Qc8+
Rd8 27. Qxe6+ Qxe6 28. Rxe6 Kf7 29. Rb6 Rd7 30. Kf1 Ne7 31. Rd6 Rxd6 32. Bxd6
Ke6 33. Bxe7 Kxe7 1-0

[Event "Quebec op U2000"]
[Site "Longueuil CAN"]
[Date "2019.07.21"]
[Round "2.14"]
[White "Steinberg, Ellis"]
[Black "Blanchet, Robert"]
[Result "1-0"]
[WhiteElo "1745"]
[BlackElo "1863"]
[PlyCount "85"]
[EventDate "2019.07.20"]
[EventType "swiss"]
[EventRounds "9"]
[EventCountry "CAN"]

1. e4 c5 2. Nf3 d6 3. d4 cxd4 4. Nxd4 Nf6 5. Nc3 a6 6. Be3 e6 7. f3 Be7 8. Qd2
Qc7 9. O-O-O Nc6 10. Kb1 O-O 11. g4 Nxd4 12. Bxd4 b5 13. Bxf6 gxf6 14. h4 Bb7
15. g5 b4 16. gxf6 Bxf6 17. Ne2 Rac8 18. Nf4 Qc5 19. Bh3 Qe5 20. Nd3 Qd4 21.
Qxb4 Rfd8 22. Qxd4 Bxd4 23. Nf4 Be5 24. Nd3 Bg7 25. Rhg1 Rb8 26. Rg2 Kf8 27.
Rdg1 Bd4 28. Rg8+ Ke7 29. Rxd8 Rxd8 30. Rg5 d5 31. e5 Be3 32. Rg7 h5 33. f4 d4
34. f5 exf5 35. Bxf5 Kf8 36. Rh7 Kg8 37. e6 Bd5 38. Rxf7 Re8 39. Rf6 a5 40. Ne5
a4 41. Nd7 Re7 42. Rg6+ Kh8 43. Nf6 1-0

[Event "Quebec op U2000"]
[Site "Longueuil CAN"]
[Date "2019.07.21"]
[Round "2.15"]
[White "Desmarais, Serge"]
[Black "Audet, Jean-Marc"]
[Result "0-1"]
[WhiteElo "1650"]
[BlackElo "1688"]
[PlyCount "178"]
[EventDate "2019.07.20"]
[EventType "swiss"]
[EventRounds "9"]
[EventCountry "CAN"]

1. c4 Nf6 2. Nc3 e6 3. g3 g6 4. Bg2 Bg7 5. e4 d6 6. d4 O-O 7. Nge2 Nbd7 8. O-O
e5 9. d5 h6 10. b4 Nb6 11. Qb3 Nh5 12. c5 dxc5 13. bxc5 Nd7 14. Be3 c6 15. d6
b6 16. Na4 bxc5 17. Nxc5 Rb8 18. Qc3 Nhf6 19. f3 Nb6 20. Rfd1 Re8 21. Rd2 Nfd7
22. a4 a6 23. Nc1 Nxc5 24. Bxc5 Nd7 25. Bb4 Qb6+ 26. Rf2 Qxb4 27. Qxc6 Qb6 28.
Qc3 Re6 29. Nd3 Rxd6 30. Bf1 Rc6 31. Qa3 Bf8 32. Qa2 a5 33. Kg2 Qd4 34. Rd2 Nf6
35. Nf4 Qc3 36. Ne2 Qb4 37. Nc1 Be6 38. Nd3 Qb3 39. Qxb3 Bxb3 40. Nxe5 Rc2 41.
Rxc2 Bxc2 42. Bb5 Bb4 43. Rc1 Bb3 44. Rb1 Be6 45. Nc6 Rb6 46. Nxb4 axb4 47.
Rxb4 Bd7 48. Kf2 Bxb5 49. axb5 Ne8 50. h4 Kf8 51. g4 Ke7 52. e5 Ke6 53. f4 Nc7
54. Rb3 Rxb5 55. Rd3 Nd5 56. Kf3 Rb4 57. Kg3 Nxf4 58. Rf3 Kxe5 59. Re3+ Re4 60.
Ra3 Nd5 61. Ra7 Kf6 62. Ra5 Re5 63. Ra6+ Re6 64. Ra5 Ne7 65. g5+ hxg5 66. hxg5+
Kg7 67. Kf4 Rd6 68. Re5 Nc6 69. Rc5 f6 70. gxf6+ Kxf6 71. Kg3 Ne5 72. Ra5 Kf5
73. Ra8 g5 74. Rf8+ Rf6 75. Re8 Ke4 76. Re7 Rf3+ 77. Kg2 g4 78. Re8 Rf5 79. Kg3
Ke3 80. Re7 Rf3+ 81. Kg2 Kf4 82. Re8 Ng6 83. Re6 Nh4+ 84. Kh2 g3+ 85. Kg1 Kg4
86. Ra6 Kh3 87. Ra4 Rf2 88. Ra1 Nf3+ 89. Kh1 g2# 0-1

[Event "Quebec op U2000"]
[Site "Longueuil CAN"]
[Date "2019.07.21"]
[Round "2.16"]
[White "Bilodeau-Savaria, Carl-William"]
[Black "Strasser, Arevick"]
[Result "0-1"]
[WhiteElo "1392"]
[BlackElo "1588"]
[PlyCount "84"]
[EventDate "2019.07.20"]
[EventType "swiss"]
[EventRounds "9"]
[EventCountry "CAN"]

1. d4 d5 2. c4 e6 3. Nf3 Nf6 4. Nc3 Be7 5. Bg5 O-O 6. e3 b6 7. Bd3 Bb7 8. Bxf6
Bxf6 9. O-O Nd7 10. e4 dxc4 11. Bxc4 c5 12. d5 e5 13. Qe2 a6 14. a4 Be7 15. Nd1
Bd6 16. Ne3 Qf6 17. Nf5 Bb8 18. h4 g6 19. Ng3 Bd6 20. h5 Qf4 21. Rfe1 Nf6 22.
hxg6 fxg6 23. Qe3 Nd7 24. Qxf4 Rxf4 25. Ng5 Nf8 26. Ra3 h6 27. Ne6 Nxe6 28.
dxe6 Be7 29. Rd3 Bc6 30. Bd5 Rc8 31. Red1 Bxa4 32. b3 Bb5 33. Bc4 Bxc4 34. bxc4
Rf6 35. Rd7 Rxe6 36. Ra7 b5 37. Rdd7 Bf8 38. cxb5 axb5 39. Ne2 b4 40. f4 c4 41.
fxe5 Rxe5 42. Nf4 Bc5+ 0-1

[Event "Quebec op U2000"]
[Site "Longueuil CAN"]
[Date "2019.07.21"]
[Round "2.17"]
[White "Duplessis, Claude"]
[Black "Bilodeau-Savaria, Sandy-Rose"]
[Result "1-0"]
[WhiteElo "1571"]
[BlackElo "1196"]
[PlyCount "129"]
[EventDate "2019.07.20"]
[EventType "swiss"]
[EventRounds "9"]
[EventCountry "CAN"]

1. e4 c5 2. Nc3 e6 3. Nf3 Nc6 4. d4 cxd4 5. Nxd4 Qc7 6. Ndb5 Qb8 7. Be2 a6 8.
Na3 b5 9. Ncb1 Nf6 10. Nd2 Bxa3 11. bxa3 Qe5 12. Rb1 Nxe4 13. Nxe4 Qxe4 14. O-O
Bb7 15. Bf3 Qc4 16. Bb2 Rg8 17. Qd6 Qxc2 18. Rfd1 Rd8 19. Rd2 Qa4 20. Qc7 Ba8
21. Rdd1 Qa5 22. Qd6 Qb6 23. Bd4 Qb8 24. Bc5 Qxd6 25. Rxd6 Rc8 26. Rbd1 Ne5 27.
Bxa8 Rxa8 28. f4 Ng6 29. Rxd7 f5 30. Rc7 h6 31. Rdd7 h5 32. Rxg7 Rxg7 33. Rxg7
Nf8 34. Rg8 Kf7 35. Rh8 Rc8 36. Bb4 Rd8 37. Kf2 Rc8 38. Rxh5 Rc2+ 39. Kf3 Rxa2
40. Rh8 Nd7 41. Ra8 Nb6 42. Rxa6 Nd5 43. Ra7+ Kf6 44. Ra5 Nc7 45. h4 Kg6 46.
Bd6 Ne8 47. Be7 Nc7 48. Bc5 Rb2 49. Ra7 Nd5 50. Rg7+ Kxg7 51. Bd4+ Kg6 52. Bxb2
Kh5 53. g3 Nb6 54. Bc3 Nc4 55. Bb4 Nb6 56. Bd6 Nc4 57. Bc5 Nd2+ 58. Ke2 Ne4 59.
Bf2 Nc3+ 60. Kd3 Ne4 61. Be1 Nc5+ 62. Kc3 Ne4+ 63. Kb4 Nd6 64. Kc5 Nc4 65. a4
1-0

[Event "Quebec op U2000"]
[Site "Longueuil CAN"]
[Date "2019.07.21"]
[Round "3.1"]
[White "Zhang, Chu Hang"]
[Black "Gueorguiev, Valentin"]
[Result "1-0"]
[WhiteElo "1806"]
[BlackElo "1945"]
[PlyCount "73"]
[EventDate "2019.07.20"]
[EventType "swiss"]
[EventRounds "9"]
[EventCountry "CAN"]

1. e4 g6 2. Nf3 Bg7 3. d4 c5 4. c3 cxd4 5. cxd4 d5 6. e5 Nh6 7. Nc3 O-O 8. Qb3
e6 9. Bg5 Qd7 10. h4 Nc6 11. h5 Nf5 12. Rd1 f6 13. exf6 Bxf6 14. hxg6 Nfxd4 15.
Nxd4 Nxd4 16. gxh7+ Qxh7 17. Rxd4 Qxh1 18. Rh4 Qxh4 19. Bxh4 Bxh4 20. g3 Bf6
21. Bd3 a6 22. Nxd5 exd5 23. Qxd5+ Kg7 24. Qh5 Rf7 25. g4 Be6 26. g5 Bxb2 27.
Qh6+ Kg8 28. Qxe6 Kf8 29. Qd6+ Re7+ 30. Kf1 Be5 31. Qd5 Kg7 32. Qe4 Rh8 33. f4
Rhe8 34. fxe5 Rxe5 35. Qg6+ Kf8 36. Qf6+ Kg8 37. Bc4+ 1-0

[Event "Quebec op U2000"]
[Site "Longueuil CAN"]
[Date "2019.07.21"]
[Round "3.2"]
[White "Wu, Tony (Dongze)"]
[Black "Gauthier, Denis"]
[Result "1-0"]
[WhiteElo "1858"]
[BlackElo "1792"]
[PlyCount "45"]
[EventDate "2019.07.20"]
[EventType "swiss"]
[EventRounds "9"]
[EventCountry "CAN"]

1. d4 Nf6 2. c4 e6 3. g3 d5 4. Nf3 Be7 5. Bg2 O-O 6. O-O dxc4 7. Qc2 b5 8. a4
b4 9. Bg5 Bb7 10. Bxf6 gxf6 11. Ng5 fxg5 12. Bxb7 Nd7 13. Bxa8 Qxa8 14. Nd2 c5
15. dxc5 Rc8 16. Qxc4 Nxc5 17. Qxb4 Rb8 18. Qc3 a5 19. Nc4 Nb3 20. Rad1 Qc6 21.
Ne5 Qxa4 22. Rd7 Bb4 23. Qc7 1-0

[Event "Quebec op U2000"]
[Site "Longueuil CAN"]
[Date "2019.07.21"]
[Round "3.3"]
[White "Strasser, Rouben"]
[Black "Mangahas, Ronald"]
[Result "1-0"]
[WhiteElo "1806"]
[BlackElo "1670"]
[PlyCount "81"]
[EventDate "2019.07.20"]
[EventType "swiss"]
[EventRounds "9"]
[EventCountry "CAN"]

1. e4 c5 2. Nf3 d6 3. d4 cxd4 4. Nxd4 Nf6 5. Nc3 a6 6. h3 e6 7. Be3 Qc7 8. a4
Be7 9. Qd2 Nbd7 10. g4 Ne5 11. b3 d5 12. Bg2 Bb4 13. Nde2 Nxe4 14. Qd4 Bc5 15.
Nxd5 exd5 16. Qxd5 Bxe3 17. Qxe4 Bc5 18. f4 Bd6 19. fxe5 Bxe5 20. Rd1 O-O 21.
O-O Rb8 22. Nf4 Re8 23. Kh1 Bd7 24. Nd5 Qc5 25. Qd3 Bc6 26. c4 b5 27. axb5 axb5
28. Qf5 Qa7 29. Rde1 bxc4 30. bxc4 Ba8 31. Qf3 g6 32. Qd3 Kg7 33. g5 h6 34. Qf3
Bxd5 35. cxd5 Qc7 36. gxh6+ Kxh6 37. Qxf7 Re7 38. Qf3 Rb2 39. Qf8+ Kh7 40. Re4
g5 41. Rh4+ 1-0

[Event "Quebec op U2000"]
[Site "Longueuil CAN"]
[Date "2019.07.21"]
[Round "3.4"]
[White "Goldner, John"]
[Black "Sarra-Bournet, Marc"]
[Result "1/2-1/2"]
[WhiteElo "1731"]
[BlackElo "1804"]
[PlyCount "59"]
[EventDate "2019.07.20"]
[EventType "swiss"]
[EventRounds "9"]
[EventCountry "CAN"]

1. e4 e5 2. d4 exd4 3. c3 Qf6 4. cxd4 Bb4+ 5. Nc3 c5 6. Nf3 Nc6 7. Be3 Nge7 8.
Bd3 cxd4 9. Bg5 Qg6 10. a3 dxc3 11. axb4 cxb2 12. Ra4 b5 13. Bxb5 Qxe4+ 14. Kd2
Qd5+ 15. Bd3 O-O 16. Bxe7 Nxe7 17. Re1 Nc6 18. Kc3 Qh5 19. Kxb2 Rb8 20. Re4 g6
21. Rh4 Qd5 22. Qd2 Re8 23. Qc3 Ne5 24. Nxe5 Qxe5 25. Qxe5 Rxe5 26. Rxa7 Bb7
27. f3 Re3 28. Kc2 Bc6 29. Kd2 Re5 30. Rd4 1/2-1/2

[Event "Quebec op U2000"]
[Site "Longueuil CAN"]
[Date "2019.07.21"]
[Round "3.5"]
[White "Baran, Marius"]
[Black "Lin, Leo"]
[Result "1-0"]
[WhiteElo "1648"]
[BlackElo "1660"]
[PlyCount "37"]
[EventDate "2019.07.20"]
[EventType "swiss"]
[EventRounds "9"]
[EventCountry "CAN"]

1. e4 c5 2. Nc3 Nc6 3. f4 g6 4. Nf3 d6 5. Bb5 Bg7 6. O-O e6 7. Bxc6+ bxc6 8. d3
Ne7 9. Qe1 O-O 10. Qh4 d5 11. f5 exf5 12. Bh6 dxe4 13. dxe4 fxe4 14. Rad1 Qc7
15. Ng5 Qe5 16. Nxf7 Rxf7 17. Rd8+ Bf8 18. Rxf8+ Rxf8 19. Rxf8# 1-0

[Event "Quebec op U2000"]
[Site "Longueuil CAN"]
[Date "2019.07.21"]
[Round "3.6"]
[White "Liu, Kevin"]
[Black "Lambert, Pierre"]
[Result "1-0"]
[WhiteElo "1658"]
[BlackElo "1728"]
[PlyCount "63"]
[EventDate "2019.07.20"]
[EventType "swiss"]
[EventRounds "9"]
[EventCountry "CAN"]

1. c4 Nf6 2. g3 g6 3. Bg2 Bg7 4. e4 d6 5. Ne2 c5 6. O-O O-O 7. Nbc3 Nc6 8. d3
e5 9. h3 a6 10. Be3 Rb8 11. a4 Na5 12. Rb1 Nc6 13. f4 Nd4 14. b4 Nxe2+ 15. Nxe2
Nd7 16. f5 cxb4 17. Rxb4 Nc5 18. Nc3 Bd7 19. Nd5 f6 20. Bxc5 dxc5 21. Rb6 g5
22. a5 Rf7 23. h4 h6 24. Bf3 Be8 25. hxg5 hxg5 26. Bh5 Rf8 27. Bg6 Qd7 28. Qh5
Bh8 29. Rd6 Qg7 30. Bxe8 Rbxe8 31. Nxf6+ Rxf6 32. Rxf6 1-0

[Event "Quebec op U2000"]
[Site "Longueuil CAN"]
[Date "2019.07.21"]
[Round "3.7"]
[White "Cloutier, Eric"]
[Black "Steinberg, Ellis"]
[Result "0-1"]
[WhiteElo "1483"]
[BlackElo "1745"]
[PlyCount "76"]
[EventDate "2019.07.20"]
[EventType "swiss"]
[EventRounds "9"]
[EventCountry "CAN"]

1. e4 g6 2. d4 d6 3. f4 d5 4. e5 h5 5. Nf3 Nh6 6. c4 c6 7. Nc3 Bf5 8. Qb3 dxc4
9. Bxc4 b5 10. Be2 e6 11. Bd2 a5 12. a4 b4 13. Nd1 Be7 14. Nf2 Nd7 15. Rc1 Rc8
16. O-O Kf8 17. Ng5 Nb6 18. Rfd1 Nd5 19. Nge4 Bxe4 20. Nxe4 Nf5 21. Qd3 Kg7 22.
Ng3 Nxg3 23. Qxg3 Qb6 24. Rc4 Rc7 25. Bf3 Rhc8 26. Rdc1 Qb7 27. Bxh5 c5 28. Bf3
cxd4 29. Rxc7 Rxc7 30. Rxc7 Qxc7 31. f5 Bc5 32. f6+ Kf8 33. h4 Nxf6 34. Qg5 Nd7
35. Bf4 Ke8 36. h5 gxh5 37. Bxh5 Nf8 38. Be2 d3+ 0-1